HOLDINGOVÁ ORGANIZÁCIA PODNIKOV V SÚČASNOM PODNIKATEĽSKOM PROSTREDÍ

Bibliographic Details
Main Author: Thomasová, Elena (Author)
Format: Article
Language:Slovak

MARC

LEADER 00000nab a2200000uu 4500
001 vtls011156881
003 SK-MaSNL
005 20260303130016.0
008 230218|2011 xo |||||||||||||||||slo|
015 |a SNBRB 
035 |a (urnnbn)urn:nbn:sk:snk:ar-a0adxl 
035 |a (uuid)9fde822d-d4f6-492d-a789-00927caabd40 
035 |a urn:nbn:sk:snk-abb52a 
040 |a SNKBUCL  |b slo  |c SNKBUCL  |e AACR2 
041 0 |a slo 
044 |a xo  |c SK 
100 1 |a Thomasová, Elena  |4 aut  |9 386936 
245 1 0 |a HOLDINGOVÁ ORGANIZÁCIA PODNIKOV V SÚČASNOM PODNIKATEĽSKOM PROSTREDÍ  |c Elena Thomasová 
246 3 |a HOLDING COMPANY'S ORGANIZATION IN TODAY'S ENTERPRISE ENVIRONMENT 
773 0 |t Ekonomika a manažment : vedecký časopis Fakulty podnikového manažmentu Ekonomickej univerzity v Bratislave  |g Roč. 8, č. 2 (2011), s. 63-75 
954 |a odborná, vedecká literatúra pôvodná (slovenská)  |2 lita 
958 |a OND 
958 |a EUIPO 
958 |a article14 
999 |c 1937721  |d 1939651